Anjinho Jojó o pintor da Terra (Record no. 72277)

MARC details
000 -LÍDER
campo de controle de tamanho fixo 00373 a2200157 4500
001 - NÚMERO DE CONTROLE
campo de controle 72277
020 ## - ISBN - INTERNATIONAL STANDARD BOOK NUMBER
ISBN - International Standard Book Number 8572780505
040 ## - FONTE DA CATALOGAÇÃO
Instituição que transcreveu o registro Anchieta - Colégio São Paulo
100 ## - ENTRADA PRINCIPAL--NOME PESSOAL
Nome pessoal Galrão, Iray
240 10 - TÍTULO UNIFORME
Título uniforme Anjinho Jojó o pintor da Terra
Idioma da obra por
245 10 - TÍTULO
Título Anjinho Jojó o pintor da Terra
300 ## - DESCRIÇÃO FÍSICA
Extensão 26
362 0# - DATAS DE PUBLICAÇÃO E/OU DESIGNAÇÃO SEQUENCIAL
Datas de publicação e/ou designação sequencial 1999
650 #4 - ASSUNTO--TERMO TÓPICO
Cabeçalho tópico ou nome geográfico Literatura infantil
942 ## - ELEMENTOS DE ENTRADA ADICIONADOS (KOHA)
Tipo de material Koha Livros

No items available.